000 00476nam a2200145Ia 4500
008 151213s9999 xx 000 0 und d
100 _aহাসনা বেগম।
245 _aশুধু রবির জন্যে।
_cহাসনা বেগম।
260 _aঢাকা
_bপ্রজ্ঞা
_c1989
300 _a8844 p.
650 _aBangla
650 _aকবিতা গ্রন্থ।
700 _aহাসনা বেগম।
999 _c4629
_d4629